[Event "chess.com Junior Speed"]
[Site "chess.com INT"]
[Date "2023.06.15"]
[Round "2.17"]
[White "Gukesh, D."]
[Black "Pranav, V."]
[Result "1-0"]
[WhiteElo "2736"]
[BlackElo "2608"]
[PlyCount "101"]
[EventDate "2023.06.13"]
[EventType "k.o."]

1. Nf3 Nf6 2. g3 d5 3. Bg2 c6 4. O-O Bg4 5. d3 Nbd7 6. h3 Bxf3 7. Bxf3 e5 8. e4 dxe4 9. dxe4 Bc5 10. Nd2 O-O 11. a4 a5 12. Qe2 Qe7 13. Nc4 ({RR} 13. Bg2 Ne8 14. Rd1 Nd6 15. Nb3 Bb6 16. Qd3 Bc7 17. Bd2 b6 18. Qc3 c5 19. Be3 Nf6 20. Nd2 h6 21. Qd3 Rfd8 22. Qe2 Qe6 23. b3 Nc8 24. Bf1 Nd6 25. Qf3 Rd7 26. Kh2 Rad8 27. Re1 Rf8 {Vokhidov,S (2670)-Sukiasyan,V (2399) Moscow RUS 2025 ½-½ (70)}) 13... Rfd8 14. Kg2 $146 ({RR} 14. Bd2 Bb4 15. Be3 Ne8 16. Rfd1 Nd6 17. Nb6 Nxb6 18. Bxb6 Re8 19. Bg4 h5 20. Bxh5 Ra6 21. Be3 Nxe4 22. Qc4 Nf6 23. Bg5 Raa8 24. c3 Bd6 25. Rxd6 Qxd6 26. Bxf7+ Kf8 27. Bxe8 Rxe8 28. Be3 Qd5 {Karthik,V (2514)-Pietruszewski,M (2208) Suwalki 2018 1-0 (59)}) 14... Nf8 15. Bd2 Ne6 16. Bxa5 Nd4 17. Bxd8 Rxd8 18. Qd3 Nf5 19. Qc3 Nd4 20. Rad1 Ra8 21. b3 g6 22. a5 h5 23. Qd3 Kg7 24. Rb1 h4 25. c3 Nb5 26. b4 Rd8 27. Qc2 Ba7 28. Rbd1 Rh8 29. g4 Nh7 30. Rd3 Ng5 31. Rfd1 Qf6 32. Qe2 Qf4 33. Nd6 Nc7 34. c4 Nce6 35. c5 Qf6 36. Qe3 Nf4+ 37. Kh2 Nxd3 38. Rxd3 Rb8 39. Kg2 Ne6 40. Rd2 Nd4 41. Nc4 Ne6 42. Rd6 Re8 43. Kh2 Bb8 44. Rd7 Re7 45. Rd2 Nd4 46. Bg2 Qe6 47. Nb6 Qf6 48. Kh1 Qe6 49. f4 Nb3 50. f5 Qf6 51. Qxb3 1-0

[Event "chess.com Junior Speed"]
[Site "chess.com INT"]
[Date "2023.06.15"]
[Round "2.19"]
[White "Gukesh, D."]
[Black "Pranav, V."]
[Result "1-0"]
[WhiteElo "2736"]
[BlackElo "2608"]
[PlyCount "75"]
[EventDate "2023.06.13"]
[EventType "k.o."]

1. Nf3 Nf6 2. g3 g6 3. Bg2 Bg7 4. O-O O-O 5. c4 d6 6. d4 Nbd7 7. Nc3 c6 8. Qc2 Re8 9. Rd1 e5 10. dxe5 dxe5 11. Ng5 Qe7 12. Nge4 Nc5 ({RR} 12... Nxe4 13. Nxe4 Nc5 14. Bg5 f6 15. Nxc5 Qxc5 16. Be3 Qe7 17. c5 Bf5 18. Qa4 Qf7 19. Rd2 Be6 20. Rad1 f5 21. b3 e4 22. Bd4 Bd5 23. e3 a6 24. Bf1 Rad8 25. Bxg7 Kxg7 26. Bc4 Qe6 27. Bxd5 {Salimova,N (2412)-Nurman,A (2324) Almaty KAZ 2024 1-0 (57)}) 13. Nxc5 ({RR} 13. Nd6 Rd8 14. Nxc8 Raxc8 15. Be3 a5 16. Na4 Ne6 17. Nb6 Rb8 18. h3 Nd4 19. Bxd4 exd4 20. c5 Nh5 21. Bf3 Qe5 22. Rd3 Bh6 23. Kg2 Ng7 24. a3 Nf5 25. b4 Qe7 26. bxa5 Re8 27. Rb1 Qc7 {Yoo,C (2606)-Pranav,V (2608) chess.com INT 2023 1-0 (35)}) 13... Qxc5 14. b3 $146 ({RR} 14. Qb3 Qe7 15. Bg5 Bf5 16. Ne4 Bxe4 17. Bxe4 Rad8 18. Bg2 e4 19. Rxd8 Rxd8 20. Rd1 Rxd1+ 21. Qxd1 h6 22. Be3 c5 23. Bh3 b6 24. b3 Kh7 25. Bf4 Ne8 26. Qd7 Bf8 27. Bb8 a6 28. Qxe7 Bxe7 {Plonczak,D (2125)-Chojnacki,K (2372) Poznan 2007 ½-½ (69)}) 14... Bf5 15. e4 Be6 16. Be3 Qe7 17. f3 h5 18. Qf2 b6 19. Rd2 h4 20. Rad1 h3 21. Bf1 Nh7 22. Rd6 Rac8 23. a4 Qb7 24. b4 Bf8 25. c5 bxc5 26. Bxc5 Bxd6 27. Rxd6 Red8 28. a5 Rxd6 29. Bxd6 Rd8 30. Bxe5 Qxb4 31. Qxa7 c5 32. Qe7 Ra8 33. a6 Qb6 34. Na4 Qb3 35. Nc3 c4 36. Bd4 Rxa6 37. Qd8+ Nf8 38. Qf6 1-0

[Event "chess.com Junior Speed"]
[Site "chess.com INT"]
[Date "2023.06.15"]
[Round "2.20"]
[White "Pranav, V."]
[Black "Gukesh, D."]
[Result "1-0"]
[WhiteElo "2608"]
[BlackElo "2736"]
[PlyCount "69"]
[EventDate "2023.06.13"]
[EventType "k.o."]

1. Nf3 Nf6 2. g3 g6 3. Bg2 Bg7 4. O-O O-O 5. d4 d5 6. Nc3 Nc6 7. Bf4 Bf5 8. Ne5 e6 ({RR} 8... Nxe5 9. dxe5 Nh5 10. Nxd5 Nxf4 11. gxf4 Be6 12. Ne3 Qc8 13. Qd4 c6 14. Rad1 Qc7 15. Qc5 Rfc8 16. Rd4 b6 17. Qc3 f6 18. Re4 fxe5 19. fxe5 Rf8 20. f4 Rad8 21. Rd4 Rxd4 22. Qxd4 Bh6 23. Qe4 {Petesch,G (2329)-Baskakov,E (2215) chess.com INT 2024 ½-½ (57)}) 9. Nxc6 bxc6 10. Re1 $146 ({RR} 10. h3 h6 11. Be5 g5 12. Qd2 Rb8 13. b3 Qe7 14. Na4 Ne4 15. Bxe4 Bxe4 16. Bxg7 Kxg7 17. Nc5 Rfd8 18. Nxe4 dxe4 19. Rad1 f5 20. c4 e5 21. Qc3 Kg6 22. dxe5 Re8 23. Qa5 Qxe5 24. Qxa7 Ra8 {Emeljashin,Y (2065)-Starkov,S (2221) Kiselevsk 2010 1-0 (33)}) 10... h5 11. Na4 Nd7 12. Rc1 c5 13. dxc5 c6 14. e4 dxe4 15. Bxe4 Bxe4 16. Rxe4 Nf6 17. Re1 Nd5 18. Bd6 Re8 19. Qf3 Qa5 20. b3 Rac8 21. a3 Ne7 22. Rcd1 Nf5 23. Be5 Rcd8 24. Bxg7 Kxg7 25. Qxc6 Nd4 26. Qe4 e5 27. Kg2 f5 28. Qb7+ Kh6 29. c3 Rb8 30. Qf7 Nxb3 31. Rd7 Qxa4 32. Qg7+ Kg5 33. h4+ Qxh4 34. gxh4+ Kf4 35. Qh6+ 1-0

[Event "chess.com Junior Speed"]
[Site "chess.com INT"]
[Date "2023.06.15"]
[Round "2.21"]
[White "Gukesh, D."]
[Black "Pranav, V."]
[Result "1-0"]
[WhiteElo "2736"]
[BlackElo "2608"]
[PlyCount "101"]
[EventDate "2023.06.13"]
[EventType "k.o."]

1. Nf3 d5 2. g3 Nf6 3. Bg2 c6 4. O-O Bg4 5. d4 Nbd7 6. h3 Bh5 7. c4 e6 8. cxd5 exd5 9. Qb3 Qb6 10. Qe3+ Be7 11. Nh4 Bg6 12. Nxg6 hxg6 13. Nc3 Qd8 14. b4 O-O $146 ({RR} 14... a6 15. Na4 O-O 16. Nc5 Re8 17. Qd3 b6 18. Nxd7 Qxd7 19. Bd2 Ne4 20. Rab1 Nd6 21. Bf4 Nc4 22. e4 b5 23. h4 a5 24. a3 axb4 25. axb4 Ra4 26. e5 Rxb4 27. Rbe1 Qf5 28. Qf3 g5 29. hxg5 {Zhang,D (2013)-Erkhes,B (1937) Shenzhen 2019 0-1 (50)}) 15. b5 Re8 16. Qd3 Nb6 17. a4 Bb4 18. Nd1 a5 19. bxc6 bxc6 20. Ne3 Qd7 21. Bd2 Bxd2 22. Qxd2 Re7 23. Rfc1 Rae8 24. Ra3 Ra8 25. Rac3 Re6 26. Qc2 Rc8 27. Rb1 Na8 28. Qd2 Ne4 29. Bxe4 Rxe4 30. Kg2 Nc7 31. Rb7 Qd6 32. Ng4 Ne6 33. e3 Ng5 34. f4 Ne6 35. Nf2 Nd8 36. Nxe4 dxe4 37. Rb2 Ne6 38. Qc2 Qd5 39. Qb3 Qh5 40. Rf2 g5 41. f5 Nf8 42. Qc2 g4 43. h4 Qh6 44. Qxe4 Nd7 45. Qxg4 Nf6 46. Qf4 Qh5 47. e4 Qd1 48. d5 Re8 49. dxc6 Rxe4 50. Qf3 Qd4 51. c7 1-0

[Event "chess.com Junior Speed"]
[Site "chess.com INT"]
[Date "2023.06.15"]
[Round "2.24"]
[White "Pranav, V."]
[Black "Gukesh, D."]
[Result "1-0"]
[WhiteElo "2608"]
[BlackElo "2736"]
[PlyCount "125"]
[EventDate "2023.06.13"]
[EventType "k.o."]

1. Nf3 b6 2. Nc3 Bb7 3. e4 g6 4. d4 Bg7 5. Bc4 e6 6. h4 ({RR} 6. Bb3 d6 7. h4 h6 8. Be3 Ne7 9. Qe2 a6 10. O-O-O b5 11. Nd2 b4 12. Na4 Nd7 13. f4 a5 14. h5 gxh5 15. Rxh5 Nf6 16. d5 Ba6 17. Qf3 Nxh5 18. dxe6 Nf6 19. e5 fxe6 20. exf6 Bxf6 {Nakamura,H (2802)-Lizak,P (2398) chess.com INT 2024 1-0 (41)}) ({RR} 6. O-O Ne7 7. Bg5 h6 8. Bh4 O-O 9. d5 g5 10. Bg3 Ng6 11. Nb5 e5 12. d6 Na6 13. dxc7 Nxc7 14. Nd6 Bc6 15. Re1 Ne6 16. Nf5 Qf6 17. Qd6 Nd4 18. Nxh6+ Kh7 19. Qxf6 Bxf6 20. Nxd4 exd4 {Nechitaylo,N (2221)-Veljanoski,A (2290) chess.com INT 2024 0-1 (55)}) 6... h6 7. h5 $146 ({RR} 7. Bf4 d6 8. Qe2 a6 9. a4 Ne7 10. O-O-O Nd7 11. Qe3 Nf6 12. Kb1 d5 13. exd5 Nexd5 14. Nxd5 Bxd5 15. Bxd5 Nxd5 16. Qe4 Nxf4 17. Qxf4 Qd6 18. Ne5 O-O 19. Qe3 b5 20. a5 c5 21. f4 cxd4 {Krasenkow,M (2605)-Golubka,P (2488) Katowice 2020 ½-½ (47)}) 7... g5 8. a4 a6 9. Be3 d6 10. d5 e5 11. Nh2 Ne7 12. Nf1 Nd7 13. Ng3 Nf6 14. Bd3 Qd7 15. Nce2 Ng4 16. a5 b5 17. c4 c6 18. dxc6 Bxc6 19. cxb5 axb5 20. Bb6 O-O 21. f3 Nf6 22. O-O d5 23. Bc5 Rfd8 24. Nc3 Bf8 25. Kh2 d4 26. Nce2 Nc8 27. Bxf8 Rxf8 28. Nf5 Nd6 29. Neg3 Nxf5 30. Nxf5 Nxh5 31. Nxh6+ Kg7 32. Nf5+ Kf6 33. Rc1 Rh8 34. Kg1 Nf4 35. Rf2 Rh7 36. Rfc2 Rc8 37. b4 Kg6 38. Rxc6+ Rxc6 39. Rxc6+ f6 40. Rc5 Qd8 41. Kf2 Qh8 42. Qf1 Rh1 43. Rc7 Rxf1+ 44. Bxf1 d3 45. Rg7+ Qxg7 46. Nxg7 d2 47. Be2 Nd3+ 48. Ke3 Nxb4 49. Nf5 Nc6 50. a6 b4 51. Ne7+ Nxe7 52. a7 b3 53. a8=Q b2 54. Qb8 Nc6 55. Qxb2 Nd4 56. Kxd2 g4 57. Bc4 Kg5 58. Ke3 gxf3 59. gxf3 Kg6 60. Qg2+ Kh7 61. Bf7 Nc2+ 62. Kf2 Ne3 63. Qg6+ 1-0

[Event "chess.com Junior Speed"]
[Site "chess.com INT"]
[Date "2023.06.15"]
[Round "2.25"]
[White "Gukesh, D."]
[Black "Pranav, V."]
[Result "1-0"]
[WhiteElo "2736"]
[BlackElo "2608"]
[PlyCount "69"]
[EventDate "2023.06.13"]
[EventType "k.o."]

1. Nf3 Nf6 2. g3 g6 3. Bg2 Bg7 4. b3 O-O 5. Bb2 d6 6. O-O Nbd7 7. d4 e5 8. dxe5 Ng4 9. c4 Ngxe5 10. Nc3 h5 $146 ({RR} 10... Re8 11. Qd2 a5 12. Rad1 a4 13. Nxe5 Nxe5 14. f4 Ng4 15. e4 axb3 16. axb3 c6 17. c5 d5 18. h3 Nf6 19. exd5 cxd5 20. b4 Be6 21. Rfe1 Qc8 22. Nb5 Rd8 23. Nd6 Qd7 24. g4 Ra2 25. Ra1 {Sanguinetti,R-Idigoras Guisasola,G Buenos Aires 1955 0-1}) ({RR} 10... Re8 11. Qd2 Nxf3+ 12. Bxf3 Nc5 13. Rfe1 a5 14. Rad1 Be6 15. Nb5 Bxb2 16. Qxb2 Bd7 17. Nc3 Qf6 18. Qd2 Bc6 19. Bxc6 bxc6 20. e4 Rab8 21. Rb1 Rb4 22. Re3 Reb8 23. Rbe1 a4 24. e5 Qd8 25. Nb5 {Mamedyarov,S (2799)-Haddouche,M (2505) Riadh 2017 1-0}) ({RR} 10... Nc5 11. Nxe5 Bxe5 12. Qd2 a5 13. Rad1 c6 14. f4 Bg7 15. Qxd6 Qxd6 16. Rxd6 a4 17. b4 a3 18. Ba1 Na6 19. Rb1 Re8 20. b5 cxb5 21. Nxb5 Bf5 22. Re1 Bxa1 23. Rxa1 Be4 24. Re1 Nc5 25. Bxe4 {Sipila,V (2435)-Novik,M (2434) Tallinn EST 2023 1-0 (35)}) ({RR} 10... a5 11. Nd2 h5 12. h4 Re8 13. Qc2 Nc5 14. Nde4 Bf5 15. Qd2 Nxe4 16. Nxe4 Bxe4 17. Bxe4 Nxc4 18. bxc4 Bxb2 19. Bxb7 Bxa1 20. Bxa8 Qf6 21. Bf3 Bc3 22. Qd3 Bb4 23. Kg2 Kg7 24. Rb1 Bc5 25. Rb7 {Agasarov,B (2037)-Pranav,V (2530) Chess.com INT 2022 0-1 (75)}) 11. Qd2 Re8 12. Rad1 Nxf3+ 13. exf3 h4 14. f4 h3 15. Bxh3 Nf6 16. Bg2 Bg4 17. Rde1 c6 18. Rxe8+ Nxe8 19. Ne4 Bxb2 20. Qxb2 Bf5 21. Ng5 Nf6 22. Rd1 Qe7 23. Qd4 d5 24. cxd5 cxd5 25. h3 Re8 26. Bf3 Ne4 27. Bxe4 dxe4 28. g4 Bc8 29. Qe5 Qxe5 30. fxe5 Kg7 31. Rd5 Be6 32. Ra5 a6 33. Nxe4 Rc8 34. Rc5 Rd8 35. Nd6 1-0

[Event "Armageddon Euro&Africa W"]
[Site "Berlin GER"]
[Date "2023.06.18"]
[Round "4.1"]
[White "Rapport, R."]
[Black "Duda, J."]
[Result "1-0"]
[WhiteElo "2752"]
[BlackElo "2732"]
[PlyCount "51"]
[EventDate "2023.06.12"]
[EventType "k.o."]

1. Nf3 d5 2. g3 c5 3. c4 d4 4. e3 Nc6 5. exd4 cxd4 6. Bg2 e5 ({RR} 6... Nf6 7. O-O Nd7 8. Re1 e5 9. Nh4 Be7 10. Nf5 O-O 11. Nxe7+ Qxe7 12. b3 Nb4 13. Ba3 Qd6 14. Bxb4 Qxb4 15. d3 a5 16. Nd2 Ra6 17. a3 Qe7 18. Nf3 Qd6 19. Qd2 Nc5 20. Rab1 f6 21. b4 {Rapport,R (2752)-Anand,V (2754) Zagreb CRO 2023 1-0 (50)}) ({RR} 6... Nf6 7. d3 Bf5 8. O-O e6 9. a3 a5 10. Re1 Be7 11. Nh4 Bg6 12. Nxg6 hxg6 13. Qb3 Qd7 14. Nd2 O-O 15. Nf3 a4 16. Qc2 Na5 17. Bf4 Nb3 18. Rad1 Qc8 19. h3 Nd7 20. g4 Ra5 21. Bg3 {Gutierrez Olivares,D (2354)-Guimaraes,D (2285) chess.com INT 2025 0-1 (39)}) 7. O-O f6 8. d3 Nge7 9. Nh4 $146 ({RR} 9. a3 a5 10. Nbd2 Ng6 11. h4 Be7 12. Re1 O-O 13. h5 Nh8 14. Nh4 g5 15. hxg6 hxg6 16. Be4 f5 17. Bxc6 bxc6 18. Nhf3 Nf7 19. Nxe5 Nxe5 20. Rxe5 Bd6 21. Re1 c5 22. Nf3 Kg7 23. Bg5 Qc7 {Tomashevsky,E (2646)-Morozevich,A (2755) Moscow 2007 0-1 (44)}) 9... g6 10. Nd2 Nf5 11. Nxf5 Bxf5 12. Ne4 Be7 13. Bh6 Qd7 14. Bg7 Bxe4 15. Bxe4 Rg8 16. Bh6 O-O-O 17. Bd2 h5 18. b4 Rdf8 19. c5 Nd8 20. Qb3 Kb8 21. Rac1 h4 22. b5 Ne6 23. c6 Qd6 24. Bb4 Qxb4 25. Qxe6 Rc8 26. c7+ 1-0

[Event "Titled Tue 13th Jun Early"]
[Site "chess.com INT"]
[Date "2023.06.13"]
[Round "4"]
[White "Nakamura, Hi"]
[Black "Ahmadzada, Ahmad"]
[Result "1-0"]
[WhiteElo "2775"]
[BlackElo "2503"]
[PlyCount "55"]
[EventDate "2023.06.13"]

1. Nf3 c5 2. e3 g6 3. d4 Bg7 4. c4 Nf6 5. Nc3 O-O 6. dxc5 Qa5 7. Bd2 Qxc5 8. Be2 b6 9. O-O Bb7 10. Rc1 d6 11. Nd4 Ne4 $146 ({RR} 11... Qc8 12. Bf3 Qd7 13. Bxb7 Qxb7 14. Qe2 Nbd7 15. Rfd1 Rfe8 16. Be1 Rac8 17. b3 a6 18. Nc2 Rc5 19. Nb4 b5 20. cxb5 axb5 21. Nd3 Rcc8 22. Nb4 Rc5 23. Nd3 Rcc8 24. Nb4 Rc5 {½-½ (24) Weglarz,L (2387)-Lakos,N (2316) Budapest 2000}) 12. Nd5 Nxd2 13. Nxe7+ Kh8 14. Qxd2 Qg5 15. Nd5 Nd7 16. Nb5 Qe5 17. b3 Nc5 18. f4 Qb2 19. Qxb2 Bxb2 20. Rc2 Bg7 21. Bf3 Rad8 22. Nxa7 Rfe8 23. Re2 Bxd5 24. Bxd5 Rxe3 25. Rxe3 Bd4 26. Rff3 Re8 27. Kf2 Nd3+ 28. Ke2 1-0

[Event "Titled Tue 13th Jun Late"]
[Site "chess.com INT"]
[Date "2023.06.13"]
[Round "4"]
[White "Nakamura, Hi"]
[Black "Fressinet, L."]
[Result "1-0"]
[WhiteElo "2775"]
[BlackElo "2632"]
[PlyCount "103"]
[EventDate "2023.06.13"]

1. Nf3 Nf6 2. b3 g6 3. Bb2 Bg7 4. d4 d6 5. e3 O-O 6. Be2 b6 7. O-O Bb7 8. c4 Nbd7 9. Qc2 ({RR} 9. d5 c6 10. dxc6 Bxc6 11. Nd4 Bb7 12. Nc3 a6 13. Bf3 Qb8 14. Nc6 Bxc6 15. Bxc6 Ra7 16. g3 Ne5 17. Bg2 b5 18. cxb5 axb5 19. Qe2 b4 20. Na4 Rc8 21. Rac1 Rac7 22. f4 Ned7 23. e4 Nc5 {Alonso,R (2130)-Aldokhin,I (2413) chess.com INT 2025 1-0 (49)}) 9... Ne4 ({RR} 9... e5 10. dxe5 dxe5 11. Nxe5 Nxe5 12. Bxe5 Re8 13. Bb2 Qd7 14. Nd2 Rad8 15. Rad1 Qc6 16. Bf3 {1-0 (16) Nakamura,H (2794)-Nihal,S (2669) chess.com INT 2024}) ({RR} 9... Re8 10. Rd1 e6 11. Nc3 Qe7 12. e4 e5 13. dxe5 dxe5 14. Nd5 Qd8 15. Nxf6+ Bxf6 16. c5 bxc5 17. Bb5 c6 18. Be2 Qc7 19. Bc1 a5 20. a4 Be7 21. Be3 Nf8 22. Bc4 Bc8 23. Rd3 Ne6 24. Bxe6 {Nakamura,H (2802)-Ivic,V (2592) chess.com INT 2024 1-0 (83)}) 10. Rd1 e6 $146 ({RR} 10... a5 11. Na3 Ndf6 12. d5 Nc5 13. Nb5 c6 14. dxc6 Bxc6 15. Nfd4 Be4 16. Qc1 Bb7 17. f3 Nfd7 18. e4 Ne5 19. Nc3 Nc6 20. Nxc6 Bxc6 21. Nd5 Bxd5 22. Bxg7 Kxg7 23. Rxd5 Qc7 24. Qb2+ e5 25. Rad1 {Nakamura,H (2788)-Luo,T (2342) chess.com INT 2023 1-0 (38)}) 11. Ne1 f5 12. f3 Nef6 13. Nd3 Qe7 14. Nc3 Bh6 15. Bc1 e5 16. Nf2 Rae8 17. d5 a5 18. a3 Bc8 19. b4 e4 20. f4 g5 21. Nb5 gxf4 22. exf4 Nb8 23. bxa5 bxa5 24. c5 Na6 25. cxd6 cxd6 26. Be3 Bd7 27. Na7 Nc5 28. Nc6 Qg7 29. Rab1 Kh8 30. g3 Rc8 31. Qd2 Qf7 32. Bxc5 dxc5 33. Ne5 Qg7 34. Rb7 Rb8 35. Rdb1 Rxb7 36. Rxb7 Qe7 37. Qxa5 Bxf4 38. Nxd7 Nxd7 39. gxf4 Rg8+ 40. Kf1 Qg7 41. Ke1 e3 42. Nd1 Qd4 43. Qc3 Nf6 44. Qxd4 cxd4 45. Bf3 Ne4 46. Nxe3 dxe3 47. Bxe4 fxe4 48. d6 Rd8 49. d7 Kg7 50. a4 Kf6 51. a5 Ke7 52. a6 1-0

[Event "Titled Tue 13th Jun Late"]
[Site "chess.com INT"]
[Date "2023.06.13"]
[Round "4"]
[White "Rasulov, Vu"]
[Black "Najer, E."]
[Result "1-0"]
[WhiteElo "2526"]
[BlackElo "2646"]
[PlyCount "111"]
[EventDate "2023.06.13"]

1. Nf3 {Finkel,Alexander} d5 2. e3 c5 3. d4 Nc6 4. c3 e6 5. Bd3 Nf6 6. O-O Bd6 ({RR} 6... Be7 7. Nbd2 O-O 8. Qe2 b6 9. Ne5 ({RR} 9. e4 cxd4 10. e5 Ng4 11. cxd4 Nb4 12. Bb5 a6 13. Ba4 Bd7 14. Bxd7 Qxd7) 9... Nxe5 10. dxe5 Nd7 11. f4 c4 12. Bc2 Nc5 13. Rf3 Nd3) 7. dxc5 Bxc5 8. Nbd2 O-O 9. e4 h6 10. Qe2 Qc7 11. b4 ({RR} 11. Bc2 Bb6 ({RR} 11... Rd8 12. h3 ({RR} 12. exd5 exd5 13. Nb3 Bb6 14. Be3 Bxe3 15. Qxe3 Re8 16. Qd3) 12... Nh5 13. Qb5 Bb6 14. Nc4 dxc4 15. Qxh5 e5 16. Nh4 Ne7) ({RR} 11... a6 12. e5 Ng4 13. Nb3 Ba7 14. Bf4 f6 15. Qd3 f5 16. h4 g5 17. hxg5 hxg5 18. Nxg5 Qg7) ({RR} 11... Re8 12. Kh1 a6 13. h3 b6 14. e5 Nd7 15. Re1 Bf8 16. Nb3 Bb7 17. Nbd4) ({RR} 11... Ng4 12. h3 Nge5 13. exd5 exd5 14. Nxe5 Nxe5 15. Nf3 Ng6 16. Kh1 Bd7 17. Qd3) ({RR} 11... b6 12. h3 a5 13. exd5 exd5 14. Nb3 Re8 15. Qd1 Bb7 16. Nbd4 Nxd4 17. Nxd4 Ne4 18. Be3) 12. a4 ({RR} 12. Kh1 Bd7 13. h3 Nh5 14. Nb3 Nf4 15. Bxf4 Qxf4 16. exd5 exd5 17. Qd3 g6 18. Qxd5 Rad8 19. Qd2) 12... a6 13. g3 ({RR} 13. h3) 13... Bd7 14. Kg2 ({RR} 14. exd5 exd5 15. Nb3 Bh3 16. Rd1 Rfe8 17. Qd3 Ne4 18. Nbd4 Qd7) 14... Rad8 15. h3 e5 ({RR} 15... dxe4 16. Nxe4 Nd5 17. Rd1 Ba7) 16. exd5 Nxd5 17. Nc4 Qc8 18. Rh1 Bc7 19. Qe4 Nf6 20. Qh4 Bf5 21. Bxf5 Qxf5 22. Ne3 Qe6 23. Qc4 ({RR} 23. Ng4 Nxg4 24. hxg4 e4 25. Nh2 Rd5) 23... Nd5 ({RR} 23... e4 24. Nd2 Qe7) 24. Nxd5 Rxd5 25. Re1 Bb6 {Mamedyarov,S (2660)-Volokitin,A (2652) Mallorca 2004 CBM 104 [Finkel,Alexander] ½-½ (38)}) 11... Bb6 12. Bb2 Re8 13. a4 $146 ({RR} 13. a3 Bd7 14. e5 Ng4 15. c4 dxc4 16. Nxc4 h5 17. Rac1 a6 18. h3 Nh6 19. Ng5 g6 20. Qf3 Re7 21. g4 Bd4 22. Bxd4 Nxd4 23. Qe4 Nc6 24. gxh5 Nf5 25. Rfd1 Kg7 26. Qf4 Rh8 27. hxg6 fxg6 {Gajic,M (2294)-Vakhlamov,I (2413) chess.com INT 2024 0-1 (58)}) 13... a6 14. a5 Ba7 15. Rae1 e5 16. exd5 Nxd5 17. Qe4 Nf6 18. Qh4 Bg4 19. h3 Rad8 20. Bb1 Bh5 21. Ne4 Nxe4 22. Bxe4 Bxf3 23. Bxf3 Rd2 24. Re2 Qd8 25. Qxd8 Rexd8 26. Bc1 Rxe2 27. Bxe2 e4 28. Rd1 Rxd1+ 29. Bxd1 Kf8 30. Kf1 Ke7 31. Bc2 f5 32. g4 Ne5 33. gxf5 Nd3 34. Be3 Bxe3 35. fxe3 Kf6 36. Bxd3 exd3 37. e4 Ke5 38. Ke1 Kxe4 39. Kd2 Kxf5 40. Kxd3 g5 41. Kd4 h5 42. c4 g4 43. hxg4+ Kxg4 44. b5 h4 45. c5 axb5 46. a6 h3 47. axb7 h2 48. b8=Q h1=Q 49. Qg8+ Kf5 50. Qf7+ Kg4 51. Qe6+ Kf4 52. Qe5+ Kg4 53. Qe4+ Qxe4+ 54. Kxe4 b4 55. c6 b3 56. Kd3 1-0

[Event "Titled Tue 13th Jun Late"]
[Site "chess.com INT"]
[Date "2023.06.13"]
[Round "10"]
[White "Anton Guijarro, D."]
[Black "Firouzja, Alireza"]
[Result "1-0"]
[WhiteElo "2691"]
[BlackElo "2786"]
[PlyCount "51"]
[EventDate "2023.06.13"]

1. Nf3 c5 2. b3 d6 3. c4 e5 4. Nc3 f5 ({RR} 4... Nc6 5. g3 g6 6. Bg2 Bg7 7. O-O Nge7 8. Bb2 O-O 9. e3 h6 10. d3 Be6 11. Rc1 b6 12. a3 Rc8 13. Qd2 Qd7 14. Ne2 d5 15. cxd5 Nxd5 16. e4 Nc7 17. b4 cxb4 18. axb4 Nb5 19. Rxc6 {So,W (2761)-Shankland,S (2710) Berlin GER 2023 1-0 (47)}) ({RR} 4... Nc6 5. e3 f5 6. d3 Nf6 7. Be2 Be7 8. Bb2 O-O 9. O-O h6 10. Ne1 g5 11. Nc2 Bd7 12. Kh1 Kh7 13. d4 cxd4 14. exd4 e4 15. f3 exf3 16. Bxf3 g4 17. Be2 Nh5 18. Qd3 Bg5 19. Nd5 {Maciol,R (2135)-Bernhard,S (1914) Reykjavik ISL 2025 0-1 (37)}) ({RR} 4... g6 5. e3 Bg7 6. Bb2 Nc6 7. d3 f5 8. g3 Nge7 9. Bg2 O-O 10. O-O a6 11. a3 h6 12. b4 cxb4 13. axb4 Nxb4 14. Ba3 Nec6 15. Nd5 Nxd5 16. cxd5 Na7 17. Nd2 Nb5 18. Bb2 Bd7 19. Nc4 {Theodorou,N (2627)-Firouzja,A (2759) chess.com INT 2024 0-1 (46)}) 5. g3 e4 $146 ({RR} 5... g6 6. Bg2 Bg7 7. O-O Ne7 8. Ne1 Nbc6 9. Nc2 Rb8 10. Ne3 a6 11. a4 Be6 12. d3 O-O 13. Ned5 Bxd5 14. cxd5 e4 15. Bd2 Bxc3 16. Bxc3 Nxd5 17. Bb2 Nf6 18. dxe4 fxe4 19. Bxf6 Qxf6 20. Bxe4 {Welin,T (2416)-Bellon Lopez,J (2455) Sweden 1999 ½-½ (60)}) 6. Nh4 Be7 7. d3 Bf6 8. Bb2 exd3 9. Qxd3 Nc6 10. O-O-O Nb4 11. Qd2 Ne7 12. a3 Nbc6 13. Qxd6 Qxd6 14. Rxd6 Nd4 15. Nb5 Nxb5 16. cxb5 Bxb2+ 17. Kxb2 Bd7 18. a4 O-O-O 19. Bg2 Kc7 20. Rhd1 b6 21. Nf3 Nc8 22. R6d2 Rhe8 23. Ng5 Re7 24. Bc6 h6 25. Rxd7+ Rdxd7 26. Ne6+ 1-0

[Event "Vladimir Dvorkovich Open"]
[Site "Aktobe KAZ"]
[Date "2023.06.26"]
[Round "8.3"]
[White "Gareev, T."]
[Black "Petrosyan, M."]
[Result "1-0"]
[WhiteElo "2590"]
[BlackElo "2629"]
[PlyCount "95"]
[EventDate "2023.06.20"]

1. Nf3 d5 2. e3 Nf6 3. c4 e6 4. Nc3 c5 5. cxd5 exd5 6. Bb5+ Nc6 7. Ne5 ({RR} 7. b3 Bd6 8. d4 cxd4 9. Qxd4 O-O 10. Bxc6 bxc6 11. O-O Bg4 12. Bb2 Bxf3 13. gxf3 Nd7 14. Ne2 Be5 15. Qd2 Qf6 16. Rab1 Qxf3 17. Ng3 Rfe8 18. Rfc1 Re6 19. Qd1 Qf6 20. Qe2 Qh4 21. Qf3 Rae8 {Nepomniachtchi,I (2784)-Aronian,L (2781) Chess.com INT 2020 0-1 (47)}) 7... Bd7 ({RR} 7... Qc7 8. Qa4 Qxe5 9. Bxc6+ Kd8 10. Bb5 Bd6 11. d4 cxd4 12. Qxd4 Qxd4 13. exd4 a6 14. Ba4 h6 15. f3 Bd7 16. Bb3 Re8+ 17. Kf2 Bc6 18. Bd2 Kc7 19. Rac1 Kb6 20. g4 Re6 21. h4 Rae8 22. Rce1 {Deac,B (2692)-De Winter,A (2447) chess.com INT 2025 1-0 (47)}) 8. d4 Rc8 $146 ({RR} 8... Bd6 9. Nxd7 Qxd7 10. dxc5 Bxc5 11. O-O O-O 12. b3 Rfd8 13. Bb2 Qe7 14. Ne2 d4 15. exd4 Nxd4 16. Nxd4 Bxd4 17. Bxd4 Qe4 18. Re1 Qxd4 19. Qxd4 Rxd4 20. Re7 a6 21. Bc4 b5 22. Bxf7+ Kf8 23. Rb7 {Gareev,T (2558)-Vetokhin,S (2427) Moscow RUS 2024 1-0 (65)}) 9. O-O a6 10. Be2 Be6 11. Bf3 c4 12. Nxc6 Rxc6 13. e4 dxe4 14. Nxe4 Nd5 15. Bg5 Qa5 16. Qe2 Rc7 17. Rfd1 h6 18. Bd2 Qb5 19. Nc3 Nxc3 20. Bxc3 Re7 21. a4 Qb6 22. Qf1 Bf5 23. Qxc4 Rc7 24. Qe2+ Qe6 25. Qd2 Be7 26. d5 Qg6 27. d6 Rd7 28. Bb4 Bg5 29. Qe1+ Kf8 30. Rd5 Be6 31. Rc5 Kg8 32. Rc7 Rxc7 33. dxc7 Bc8 34. Rd1 Qb6 35. Rd8+ Bxd8 36. Ba5 Bxc7 37. Bxb6 Bxb6 38. a5 Ba7 39. Qe8+ Kh7 40. Qxf7 Rd8 41. h4 Bd4 42. Bxb7 Bd7 43. Be4+ Kh8 44. Qg6 Kg8 45. Qxa6 Be8 46. b4 Bf7 47. g3 Re8 48. Qd3 1-0

[Event "Olympic Esports Final GpB"]
[Site "Singapore SGP"]
[Date "2023.06.23"]
[Round "4.3"]
[White "Amin, B."]
[Black "Rakhmanov, Ale"]
[Result "1-0"]
[WhiteElo "2690"]
[BlackElo "2620"]
[PlyCount "85"]
[EventDate "2023.06.23"]

1. Nf3 Nf6 2. g3 g6 3. Bg2 Bg7 4. O-O O-O 5. d3 d6 6. e4 e5 7. c4 Nc6 8. Nc3 Nd4 9. Nxd4 exd4 10. Ne2 c5 11. h3 Rb8 $146 ({RR} 11... Nd7 12. f4 Re8 13. g4 Nf8 14. Ng3 Bd7 15. f5 Be5 16. Qf3 g5 17. Bd2 h6 18. Nh5 f6 19. h4 Kf7 20. hxg5 hxg5 21. Ng3 Bc6 22. Kf2 Nd7 23. Rh1 Rh8 24. Rxh8 Qxh8 25. Rh1 Qg7 26. Nh5 {Martin,L (2144)-Sathvik Adiga (2445) chess.com INT 2024 0-1 (44)}) 12. f4 b5 13. b3 bxc4 14. bxc4 Qa5 15. g4 Bd7 16. a4 Qb4 17. Ng3 Qb3 18. Qe2 Ne8 19. Ra3 Qb4 20. Ra2 Nc7 21. f5 Be5 22. Bf4 Bxf4 23. Rxf4 Qc3 24. Kh2 Rb3 25. Rd2 Rb1 26. e5 dxe5 27. Ne4 exf4 28. Nxc3 dxc3 29. Rc2 gxf5 30. gxf5 Bxf5 31. Qe5 Bxd3 32. Rxc3 Bg6 33. Qxc7 Re8 34. Qxf4 Re2 35. Rg3 Rbb2 36. h4 h5 37. Qg5 Kf8 38. Qxc5+ Kg7 39. Qxa7 Re4 40. Kh3 Rxc4 41. Rxg6+ Kxg6 42. Qa6+ Kh7 43. Qxc4 1-0